Detalles MARC
| 000 -LIDER |
| fixed length control field |
00992nam a22003137a 4500 |
| 001 - NÚMERO DE CONTROL |
| Identificador de número de control |
0074 |
| 003 - IDENTIFICACDOR DE NÚMERO DE CONTROL |
| control field |
DO-SdBNP |
| 005 - DATE AND TIME OF LATEST TRANSACTION |
| control field |
20180131124222.0 |
| 007 - CAMPOS FIJOS DE DESCRIPCIÓN FÍSICA |
| fixed length control field |
0074 |
| 008 - ELEMENTOS DE LONGITUD FIJA |
| fixed length control field |
151103b sp 1981 xxu||||| |||| 00| 0 spa d |
| 020 ## - ISBN |
| International Standard Book Number |
8475250068 |
| 040 ## - FUENTE DE CATALOGACIÓN |
| Agencia que crea de manera original el registro |
BPMSU |
| Idioma de catalogación |
spa |
| Agencia que realiza la transcripción |
BPMSU |
| 100 10 - ASIENTO PRINCIPAL -- NOMBRE PERSONAL |
| Nombre personal |
Conan Doyle, Arthur, |
| Fechas asociadas con el nombre |
1859-1930 |
| 245 13 - MENCIÓN DE TITULO |
| Título |
El mundo perdido / |
| Mención de responsabilidad |
Sir Arthur Conan Doyle ; traducción J. Agustín Mabieu ; ilustración Margarita Cuesta-Pamies |
| 246 10 - VARIACION DEL TÍTULO |
| Título propiamente dicho o título corto |
The lost world |
| 260 ## - PUBLICACIÓN, DISTRIBUCIÓN, ETC. (PIE DE IMPRENTA) |
| Lugar de publicación, distribución, etc |
Madrid, España : |
| Nombre del editor, distribuidor, etc. |
Anaya, |
| Fecha de publicación, distribución, etc |
1981 |
| 300 ## - DESCRIPCIÓN FÍSICA |
| Extensión |
272 p. : |
| Otros detalles físicos |
il., |
| Dimensiones |
20 cm. |
| 490 10 - MENCIÓN DE SERIES |
| Mención de serie |
Tus libros |
| 490 10 - MENCIÓN DE SERIES |
| Mención de serie |
Ciencia ficción |
| Volume/sequential designation |
9 |
| 504 ## - NOTA DE BIBLIOGRAFÍA, ETC. |
| Bibliography, etc |
Incluye referencias bibliográficas y notas al pie de las páginas |
| 504 ## - NOTA DE BIBLIOGRAFÍA, ETC. |
| Bibliography, etc |
Bibliografías : p. 270-272 |
| 700 10 - ASIENTO SECUNDARIO -- NOMBRE PERSONAL |
| Nombre personal |
Mabieu, J. Agustín, |
| Mención de responsabilidad |
tr. |
| 700 10 - ASIENTO SECUNDARIO -- NOMBRE PERSONAL |
| Nombre personal |
Cuesta-Pamies, Margarita, |
| Mención de responsabilidad |
il. |
| 830 00 - ASIENTO SECUNDARIO DE SERIE--TÍTULO UNIFORME |
| Título uniforme |
Tus libros |
| 830 00 - ASIENTO SECUNDARIO DE SERIE--TÍTULO UNIFORME |
| Título uniforme |
Ciencia ficción |
| Número de la parte o sección de una obra |
9 |
| 942 ## - ADDED ENTRY ELEMENTS (KOHA) |
| Source of classification or shelving scheme |
Dewey Decimal Classification |
| Koha item type |
Libros |
| 945 ## - INFORMACIÓN DE PROCESAMIENTO LOCAL |
| Información de procesamiento local |
Inventariado, 2018/MFF |
| 956 ## - LOCAL ELECTRONIC LOCATION AND ACCESS (OCLC) |
| Nombre de host |
Brenda Tavárez |